[Event "45th Olympiad 2024"]
[Site "Budapest HUN"]
[Date "2024.09.18"]
[Round "7.61"]
[White "Kavin, Mohan"]
[Black "Amba, Oyon Marius Claude"]
[Result "1-0"]
[WhiteElo "1997"]
[BlackElo "1975"]
[TimeControl "40/5400+30:1800_30\""]
[EventDate "2024.09.11"]
[Board "3"]
[WhiteFideId "5739047"]
[BlackFideId "16400240"]
[WhiteTeam "Malaysia"]
[BlackTeam "Cameroon"]

1. d4 Nf6 2. c4 c5 3. d5 b5 4. cxb5 a6 5. bxa6 g6 6. Nc3 Bxa6 7. e4 Bxf1 8.
Kxf1 d6 9. Nf3 Nbd7 10. g3 Bg7 11. Kg2 O-O 12. Re1 Qb6 13. a4 Rfb8 14. Nb5
Qd8 15. Ra3 Ng4 16. Nd2 Ngf6 17. Nc4 Nb6 18. b3 Nfd7 19. Qc2 h6 20. Bd2 Nf6
21. h3 Qd7 22. Qd3 Ne8 23. Rb1 h5 24. h4 Qc8 25. Na5 Qa6 26. Qc2 Bf6 27.
Nc6 Rb7 28. Rd1 Nxd5 29. exd5 Rxb5 30. axb5 Qxa3 31. Qc4 Nc7 32. b6 Na6 33.
Qa4 Qxa4 34. bxa4 c4 35. b7 Re8 36. Rc1 e6 37. dxe6 d5 38. e7 Be5 39. Nxe5
Rxe7 40. Rb1 Nb8 41. Nf3 f6 42. Bf4 Nd7 43. a5 Re2 44. a6 Ra2 45. b8=Q+
Nxb8 46. Rxb8+ Kf7 47. Rb7+ 1-0

[Event "45th Olympiad 2024"]
[Site "Budapest HUN"]
[Date "2024.09.18"]
[Round "7.61"]
[White "Makem, Pierre"]
[Black "Azhar, Muhd Syakir Shazmeer"]
[Result "0-1"]
[WhiteElo "1860"]
[BlackElo "2086"]
[TimeControl "40/5400+30:1800_30\""]
[EventDate "2024.09.11"]
[Board "4"]
[WhiteFideId "11000805"]
[BlackFideId "5702577"]
[WhiteTeam "Cameroon"]
[BlackTeam "Malaysia"]

1. d4 Nf6 2. Bf4 g6 3. Nd2 d5 4. e3 Bg7 5. h4 h5 6. Ngf3 O-O 7. Be2 c5 8.
c3 cxd4 9. exd4 Nc6 10. Ne5 Nxe5 11. Bxe5 Bf5 12. f3 Qc8 13. Bxf6 exf6 14.
g4 hxg4 15. fxg4 Bd7 16. O-O Qc7 17. Kg2 Rae8 18. Rf2 Re6 19. Bf3 Qd6 20.
c4 dxc4 21. Nxc4 Qa6 22. d5 Ree8 23. Qb3 b5 24. Qa3 Qxa3 25. Nxa3 Rc8 26.
Nc2 f5 27. gxf5 Bxf5 28. Nb4 Rc4 29. Nc6 Re8 30. Rd1 Rxh4 31. d6 Bd7 32.
Ne7+ Kh7 33. Bc6 Rxe7 34. dxe7 Bxc6+ 35. Kg3 Re4 36. Rxf7 g5 37. e8=Q Bxe8
38. Rxa7 Re6 39. b3 Kg6 40. Rd3 Be5+ 41. Kg4 Bf6 42. Kg3 b4 43. Ra5 Kh5 44.
Rad5 Bc6 45. Ra5 Be5+ 46. Kf2 Be4 47. Rd2 Kg4 48. Rxe5 Rxe5 49. Rd4 Kf4 50.
Rxb4 g4 51. Rc4 g3+ 52. Ke2 Rh5 53. a4 Rh2+ 54. Ke1 Rh1+ 55. Ke2 g2 0-1

[Event "45th Olympiad 2024"]
[Site "Budapest HUN"]
[Date "2024.09.18"]
[Round "7.62"]
[White "Mesfin, Leykun"]
[Black "Than, Min Hlaing"]
[Result "1-0"]
[WhiteElo "2118"]
[BlackElo "2121"]
[TimeControl "40/5400+30:1800_30\""]
[EventDate "2024.09.11"]
[Board "1"]
[WhiteFideId "15700097"]
[BlackFideId "13001353"]
[WhiteTeam "Ethiopia"]
[BlackTeam "Myanmar"]

1. e4 c5 2. Nf3 d6 3. d4 cxd4 4. Nxd4 Nf6 5. Nc3 a6 6. Bg5 e6 7. Qd2 Nbd7
8. f3 b5 9. O-O-O Bb7 10. Kb1 Be7 11. h4 Qa5 12. Bd3 Rc8 13. Rhe1 h6 14.
Be3 b4 15. Nce2 d5 16. Nb3 Qc7 17. exd5 Nxd5 18. Bf2 O-O 19. g4 Rfd8 20. g5
hxg5 21. hxg5 g6 22. f4 Bf8 23. Bd4 Ne7 24. Ng3 Nf5 25. Nxf5 exf5 26. Qh2
f6 27. gxf6 Be4 28. f7+ Kxf7 29. Qh7+ Ke6 30. Qxg6+ 1-0

[Event "45th Olympiad 2024"]
[Site "Budapest HUN"]
[Date "2024.09.18"]
[Round "7.62"]
[White "Kyaw, Zay Ya"]
[Black "Tsige, Addisalem Temesgen"]
[Result "1/2-1/2"]
[WhiteElo "1818"]
[BlackElo "2068"]
[TimeControl "40/5400+30:1800_30\""]
[EventDate "2024.09.11"]
[Board "2"]
[WhiteFideId "13004239"]
[BlackFideId "15700160"]
[WhiteTeam "Myanmar"]
[BlackTeam "Ethiopia"]

1. e4 c5 2. Nf3 g6 3. d4 cxd4 4. Qxd4 Nf6 5. e5 Nc6 6. Qc3 e6 7. Bg5 Bb4 8.
Bxf6 Qb6 9. Nbd2 Bxc3 10. bxc3 O-O 11. Nb3 Qc7 12. O-O-O Na5 13. Kb2 b5 14.
Bxb5 Rb8 15. Be2 Nc6 16. h4 a5 17. a4 Qb6 18. h5 Qxf2 19. Bb5 Na7 20. hxg6
fxg6 21. Rxh7 Kxh7 22. Rh1+ Kg8 23. Rh8+ Kf7 24. Rh7+ Kg8 25. Rg7+ Kh8 26.
Rf7+ Kg8 27. Rg7+ Kh8 28. Rf7+ Kg8 29. Rg7+ 1/2-1/2

[Event "45th Olympiad 2024"]
[Site "Budapest HUN"]
[Date "2024.09.18"]
[Round "7.62"]
[White "Kebede, Yoseph Kifle"]
[Black "Zaw, Ye Htut"]
[Result "1-0"]
[WhiteElo "2037"]
[BlackElo "1815"]
[TimeControl "40/5400+30:1800_30\""]
[EventDate "2024.09.11"]
[Board "3"]
[WhiteFideId "15708063"]
[BlackFideId "13013955"]
[WhiteTeam "Ethiopia"]
[BlackTeam "Myanmar"]

1. e4 d5 2. exd5 Qxd5 3. Nc3 Qa5 4. Bc4 Nf6 5. d3 Nc6 6. Bd2 Qc5 7. Be3 Qd6
8. Nb5 Qd8 9. Nf3 a6 10. Nc3 e6 11. a4 Bb4 12. O-O O-O 13. h3 Ne7 14. Bg5
Ng6 15. Bxf6 Qxf6 16. Ne4 Qd8 17. g3 e5 18. Nfg5 Nh8 19. Nxh7 Kxh7 20. Qh5+
Kg8 21. f4 Be7 22. f5 Bxf5 23. Qxf5 Qd4+ 24. Kh1 Rad8 25. Qh5 b5 26. axb5
axb5 27. Bxb5 Qxb2 28. Rab1 Qxc2 29. Rfc1 Qa2 30. Bc4 Qa7 31. Qxe5 Bd6 32.
Qg5 Qd4 33. Rf1 Be5 34. Rf5 Rfe8 35. Rbf1 Rd5 36. Bxd5 Qxd5 37. R5f3 Qc6
38. Qc1 Qd7 39. Kg2 Rb8 40. Qg5 Bd4 41. Qf5 Qc6 42. h4 f6 43. Rd1 Nf7 44.
Rd2 Ne5 45. Rf1 Rb3 46. Kh3 Qd7 47. Qxd7 Nxd7 48. Rc2 c5 49. Rd1 Kf7 50.
Ra2 Ne5 51. Ra7+ Kg8 52. Ra8+ Kh7 53. Nxc5 Bxc5 54. d4 Nd3 55. Rxd3 Rxd3
56. dxc5 Rc3 57. Rc8 Rc4 58. c6 Kg6 59. c7 Kf5 60. g4+ Kf4 61. g5 f5 62. g6
Rc3+ 63. Kg2 Kg4 64. h5 f4 65. h6 f3+ 66. Kf2 Rc2+ 67. Ke3 f2 68. Rf8 f1=Q
69. Rxf1 Rxc7 70. Rf7 Rc8 71. Rxg7 Kh5 72. h7 Re8+ 73. Kd4 1-0

[Event "45th Olympiad 2024"]
[Site "Budapest HUN"]
[Date "2024.09.18"]
[Round "7.62"]
[White "Linn, Phone Myat"]
[Black "Shiferaw, Yalemzewde Mekonnen"]
[Result "0-1"]
[WhiteElo "1763"]
[BlackElo "2025"]
[TimeControl "40/5400+30:1800_30\""]
[EventDate "2024.09.11"]
[Board "4"]
[WhiteFideId "13023977"]
[BlackFideId "15700470"]
[WhiteTeam "Myanmar"]
[BlackTeam "Ethiopia"]

1. e4 c5 2. Nf3 d6 3. d4 cxd4 4. Nxd4 Nf6 5. Nc3 a6 6. Bg5 e6 7. f4 Qb6 8.
Qd2 Qxb2 9. Rb1 Qa3 10. f5 Nc6 11. fxe6 fxe6 12. Bc4 Nxd4 13. Qxd4 Be7 14.
e5 dxe5 15. Qxe5 Qc5 16. Qxc5 Bxc5 17. Bxf6 gxf6 18. Ne4 Be7 19. O-O Rf8
20. a4 Bd7 21. Ng3 O-O-O 22. Rf3 e5 23. Bxa6 Bc5+ 24. Kf1 Bc6 25. Rc3 bxa6
26. Rxc5 Kc7 27. Nf5 Rd5 28. Rxc6+ Kxc6 29. Ne7+ Kc5 30. Nxd5 Kxd5 31. Rb6
f5 32. Rxa6 Rc8 33. Rf6 Ke4 34. Rh6 Rxc2 35. Rxh7 Ra2 36. Rh4+ f4 37. g3
Kf3 38. Ke1 Ke3 39. Kd1 f3 40. Rh5 e4 41. Rf5 Rxh2 42. Rb5 Rh1+ 43. Kc2 f2
0-1

[Event "45th Olympiad 2024"]
[Site "Budapest HUN"]
[Date "2024.09.18"]
[Round "7.63"]
[White "Krieger, Markus"]
[Black "Aziz, Husain"]
[Result "0-1"]
[WhiteElo "2153"]
[BlackElo "2340"]
[TimeControl "40/5400+30:1800_30\""]
[EventDate "2024.09.11"]
[Board "1"]
[WhiteFideId "4669533"]
[BlackFideId "12100293"]
[WhiteTeam "Liechtenstein"]
[BlackTeam "Qatar"]

1. e4 c6 2. d4 d5 3. exd5 cxd5 4. Nf3 Nc6 5. Ne5 Nf6 6. Bb5 Bd7 7. Nxd7
Qxd7 8. c3 e6 9. O-O Bd6 10. Nd2 Qc7 11. g3 O-O 12. Re1 a6 13. Bd3 b5 14.
a3 Na5 15. Nf3 Nc4 16. Qe2 Rfe8 17. Ne5 Bxe5 18. dxe5 Nd7 19. Bf4 Nf8 20.
h4 Ng6 21. h5 Nxf4 22. gxf4 f5 23. exf6 Qxf4 24. Bxc4 bxc4 25. fxg7 Ra7 26.
Qe5 Rxg7+ 27. Kf1 Qf3 28. Rad1 h6 29. Qh2 Rg5 30. Rd4 Rxh5 31. Rh4 Qd3+ 32.
Re2 Rxh4 33. Qxh4 Kh7 34. Qf4 Qg6 35. Re3 Rg8 36. Qe5 Qb1+ 37. Re1 Qd3+ 0-1

[Event "45th Olympiad 2024"]
[Site "Budapest HUN"]
[Date "2024.09.18"]
[Round "7.63"]
[White "Erfan, Mohamad Firdaus"]
[Black "Heron, Andrew"]
[Result "1/2-1/2"]
[WhiteElo "1758"]
[BlackElo "2026"]
[TimeControl "40/5400+30:1800_30\""]
[EventDate "2024.09.11"]
[Board "2"]
[WhiteFideId "12102032"]
[BlackFideId "12000213"]
[WhiteTeam "Qatar"]
[BlackTeam "Liechtenstein"]

1. d4 Nf6 2. c4 g6 3. Nc3 d5 4. cxd5 Nxd5 5. e4 Nxc3 6. bxc3 Bg7 7. Nf3 c5
8. h3 Nc6 9. Be3 O-O 10. Be2 cxd4 11. cxd4 Qa5+ 12. Bd2 Qa3 13. d5 Ne5 14.
Nxe5 Bxe5 15. O-O Bd7 16. Rb1 Ba4 17. Qc1 Qxa2 18. Bc4 Qc2 19. Qxc2 Bxc2
20. Rxb7 Bd6 21. Re1 Rfb8 22. Ba6 Rxb7 23. Bxb7 Rb8 24. Bc6 Rb1 25. Rxb1
Bxb1 26. Be3 a5 27. Bb6 Bxe4 28. f3 Bd3 29. Bxa5 f5 30. Bb6 f4 31. h4 Kg7
32. Kh2 Bf5 33. Bb5 Kf6 34. Bd4+ Be5 35. Bc5 Kf7 36. Bf2 Bc8 37. Bd3 Bb7
38. Be4 Ke8 39. g3 fxg3+ 40. Bxg3 Bxg3+ 41. Kxg3 Bc8 42. h5 Kf7 43. hxg6+
hxg6 44. f4 Kf6 45. Kf3 Bb7 46. Ke3 Ba6 47. Kd4 Bc8 48. Ke3 Bg4 49. Kd4 Bh5
50. Ke3 g5 51. fxg5+ Kxg5 52. Kd4 Kf4 53. Bd3 Bf3 54. Bc2 Bxd5 55. Kxd5 e6+
56. Kxe6 1/2-1/2

[Event "45th Olympiad 2024"]
[Site "Budapest HUN"]
[Date "2024.09.18"]
[Round "7.63"]
[White "Frick, Renato"]
[Black "Al-Kuwari, Turki"]
[Result "1-0"]
[WhiteElo "1925"]
[BlackElo "1577"]
[TimeControl "40/5400+30:1800_30\""]
[EventDate "2024.09.11"]
[Board "3"]
[WhiteFideId "12000027"]
[BlackFideId "12102687"]
[WhiteTeam "Liechtenstein"]
[BlackTeam "Qatar"]

1. e4 c5 2. Nf3 g6 3. c4 Bg7 4. d4 cxd4 5. Nxd4 Nc6 6. Be3 Nf6 7. Nc3 O-O
8. Nc2 d6 9. Be2 Bd7 10. f3 a6 11. Qd2 Qc7 12. Rc1 Rac8 13. O-O Rfd8 14. b3
Ne5 15. h3 Bc6 16. f4 Ned7 17. Bf3 Nc5 18. Bxc5 dxc5 19. Qe3 Bh6 20. e5 Nd7
21. Bxc6 Qxc6 22. Rcd1 Nb6 23. g4 Bg7 24. Ne4 Rd7 25. Rxd7 Nxd7 26. Rd1 b6
27. a4 f6 28. Qd3 Nf8 29. exf6 Bxf6 30. f5 Kg7 31. Qf3 Nd7 32. g5 Be5 33.
Rd5 gxf5 34. Qxf5 e6 35. Rxd7+ Qxd7 36. Qxe5+ Kf8 37. Qh8+ Ke7 38. Qxh7+
Kd8 39. Qh8+ Kc7 40. Qe5+ Kc6 41. Ne3 Rf8 42. a5 Rf3 43. axb6 Rxe3 44.
Qxc5+ Kb7 45. Qxe3 1-0

[Event "45th Olympiad 2024"]
[Site "Budapest HUN"]
[Date "2024.09.18"]
[Round "7.63"]
[White "Al-Kuwari, Hamad"]
[Black "Schadler, Martin"]
[Result "1-0"]
[WhiteElo "1574"]
[BlackElo "1891"]
[TimeControl "40/5400+30:1800_30\""]
[EventDate "2024.09.11"]
[Board "4"]
[WhiteFideId "12102679"]
[BlackFideId "12000019"]
[WhiteTeam "Qatar"]
[BlackTeam "Liechtenstein"]

1. e4 d5 2. exd5 Nf6 3. d4 Nxd5 4. c4 Nb6 5. Nf3 g6 6. Be2 Bg7 7. h3 O-O 8.
Nc3 c5 9. Be3 Na6 10. O-O cxd4 11. Bxd4 Bxd4 12. Qxd4 Qxd4 13. Nxd4 Bd7 14.
Bf3 e5 15. Nb3 Bc6 16. Bxc6 bxc6 17. Na5 Nb4 18. Rad1 c5 19. Rfe1 Rfe8 20.
Re2 f5 21. a3 Na6 22. Nb5 e4 23. b3 Re7 24. f3 e3 25. f4 Re4 26. g3 Rb8 27.
Nc6 Rb7 28. Nd6 Rd7 29. Ne5 Rd4 30. Rxd4 cxd4 31. Nxd7 Nxd7 32. Nb5 d3 33.
Rxe3 Nac5 34. Nc3 d2 35. Nd1 Ne4 36. b4 Nb6 37. c5 Nc4 38. Rd3 g5 39. c6
Nb6 40. c7 Kg7 41. Rd8 h5 42. c8=Q Nxc8 43. Rxc8 Nxg3 44. fxg5 f4 45. Kf2
1-0

[Event "45th Olympiad 2024"]
[Site "Budapest HUN"]
[Date "2024.09.18"]
[Round "7.64"]
[White "Dominguez, Jose Manuel"]
[Black "Sihlongonyane, Sikhanyiso"]
[Result "1-0"]
[WhiteElo "2195"]
[BlackElo "1813"]
[TimeControl "40/5400+30:1800_30\""]
[EventDate "2024.09.11"]
[Board "1"]
[WhiteFideId "6400124"]
[BlackFideId "20700784"]
[WhiteTeam "Dominican Republic"]
[BlackTeam "Eswatini"]

1. Nf3 d5 2. b4 Nf6 3. Bb2 e6 4. a3 c5 5. b5 a6 6. e3 axb5 7. Bxb5+ Bd7 8.
Be2 Be7 9. Ne5 O-O 10. Nxd7 Qxd7 11. O-O Nc6 12. c4 d4 13. d3 e5 14. Nd2
Ra6 15. Kh1 Bd6 16. e4 Ne7 17. g3 Ng6 18. Kg2 h6 19. h4 Qc7 20. Bc1 Rfa8
21. Rh1 Nf8 22. h5 Ne6 23. Nf3 Nh7 24. Nh4 Nhg5 25. Bg4 Rb8 26. Rb1 Rb6 27.
Ra1 Ra6 28. a4 Rba8 29. Bd2 Qd7 30. Nf5 Bc7 31. Bxg5 hxg5 32. h6 g6 33. Ng7
Kh7 34. Bxe6 fxe6 35. Qg4 Bd8 36. Rab1 Bf6 37. a5 Rxa5 38. Nxe6 Qe7 39. Rb6
R8a6 40. Rhb1 Rxb6 41. Rxb6 Ra6 42. Nf8+ Kxh6 43. Rxb7 Qxb7 44. Qh3+ Kg7
45. Qh7+ Kxf8 46. Qxb7 Re6 47. Qc8+ Kf7 48. Qxc5 Be7 49. Qd5 Kf6 50. c5 g4
51. c6 Bd6 52. Qa5 Re7 53. Qd8 Bc7 54. Qc8 Bd6 55. Kf1 Rc7 56. Qa8 Ke7 57.
Ke2 Kf6 58. Kd1 Ke7 59. Kc2 Bc5 60. Kb3 Kd6 61. Kc4 Rxc6 62. Qd8+ Ke6 63.
Qd5+ 1-0

[Event "45th Olympiad 2024"]
[Site "Budapest HUN"]
[Date "2024.09.18"]
[Round "7.64"]
[White "Dlamini, Simphiwe"]
[Black "Camacho Campusano, David Daniel"]
[Result "1/2-1/2"]
[WhiteElo "1747"]
[BlackElo "2219"]
[TimeControl "40/5400+30:1800_30\""]
[EventDate "2024.09.11"]
[Board "2"]
[WhiteFideId "20701217"]
[BlackFideId "6408885"]
[WhiteTeam "Eswatini"]
[BlackTeam "Dominican Republic"]

1. e4 e5 2. Nf3 Nc6 3. d3 Nf6 4. g3 d5 5. Nbd2 dxe4 6. dxe4 Bg4 7. Bg2 Bc5
8. O-O Qd7 9. c3 O-O 10. b4 Bd6 11. Re1 a5 12. b5 Ne7 13. a4 Rfd8 14. Nc4
Qe6 15. Qe2 h6 16. Bb2 Nc8 17. Rad1 Nb6 18. Nxd6 Rxd6 19. c4 Nxa4 20. h3
Bxf3 21. Bxf3 Nxb2 22. Qxb2 a4 23. Rxd6 cxd6 24. Qb4 b6 25. Ra1 a3 26. Ra2
Qc8 27. Qb3 Qc5 28. Qd3 Nd7 29. Be2 Qb4 30. Kg2 Nc5 31. Qxd6 Qb2 32. Rxb2
axb2 33. Bd3 Nxd3 34. Qxd3 Ra1 35. Qd8+ Kh7 36. Qd7 b1=Q 1/2-1/2

[Event "45th Olympiad 2024"]
[Site "Budapest HUN"]
[Date "2024.09.18"]
[Round "7.64"]
[White "Jimenez Jimenez, Leandro"]
[Black "Nxumalo, Vuyo"]
[Result "1-0"]
[WhiteElo "2188"]
[BlackElo "1746"]
[TimeControl "40/5400+30:1800_30\""]
[EventDate "2024.09.11"]
[Board "3"]
[WhiteFideId "6415253"]
[BlackFideId "20700253"]
[WhiteTeam "Dominican Republic"]
[BlackTeam "Eswatini"]

1. d4 d5 2. c4 e6 3. Nf3 Nf6 4. g3 c6 5. Bg2 Bd6 6. O-O O-O 7. Qc2 Nbd7 8.
Nbd2 Re8 9. e4 dxe4 10. Ng5 e5 11. Ndxe4 Bc7 12. d5 cxd5 13. cxd5 h6 14.
Nxf6+ Nxf6 15. Ne4 Nxd5 16. Rd1 Be6 17. Nc5 Nb4 18. Qa4 b5 19. Bxa8 bxa4
20. Rxd8 Rxd8 21. Nxe6 fxe6 22. Bf3 Nd3 23. Be3 Bb6 24. Rd1 Nxb2 25. Rxd8+
Bxd8 26. Bxa7 Nc4 27. Bd1 Nb2 28. Be2 Kf7 29. Bc5 Be7 30. Be3 e4 31. Bh5+
g6 32. Be2 h5 33. Bf1 Nd1 34. Bd4 Bf6 35. Bc5 Nc3 36. Bc4 Nd5 37. Bb5 Nc3
38. Bc4 Be7 39. Bd4 Bf6 40. Ba7 Ke7 41. Bc5+ Kf7 42. Kf1 Be5 43. Ke1 Kf6
44. Kd2 Kf5 45. h4 Bf6 46. Bb6 Nd5 47. Bc5 Bb2 48. Be2 Ke5 49. Bb5 a3 50.
Ba4 Bd4 51. Bxd4+ Kxd4 52. Be8 e3+ 53. fxe3+ Nxe3 54. Bxg6 Nf1+ 55. Kc2
Nxg3 56. Kb3 e5 57. Kxa3 e4 58. Kb3 Nf1 59. Bxh5 Nd2+ 60. Kc2 e3 61. Be2
Ne4 62. h5 Ng3 63. h6 Nxe2 64. h7 Ke4 65. h8=Q Nd4+ 66. Kd1 Kd3 67. Qh7+
Kc3 68. Qe4 1-0

[Event "45th Olympiad 2024"]
[Site "Budapest HUN"]
[Date "2024.09.18"]
[Round "7.64"]
[White "Mtsetfwa, Philani"]
[Black "Mendez Ramirez, Victor"]
[Result "0-1"]
[WhiteElo "1688"]
[BlackElo "2191"]
[TimeControl "40/5400+30:1800_30\""]
[EventDate "2024.09.11"]
[Board "4"]
[WhiteFideId "20701730"]
[BlackFideId "6419690"]
[WhiteTeam "Eswatini"]
[BlackTeam "Dominican Republic"]

1. e4 c5 2. Nf3 g6 3. d4 cxd4 4. Nxd4 Nc6 5. c4 Nf6 6. Nc3 d6 7. Be3 Ng4 8.
Bg5 Qb6 9. Nd5 Qxd4 10. Qxd4 Nxd4 11. Nc7+ Kd8 12. Nxa8 Nc2+ 13. Kd2 Nxa1
14. f3 Bh6 15. Bxh6 Nxh6 16. c5 dxc5 17. Bb5 Bd7 18. Bc4 Kc8 0-1

[Event "45th Olympiad 2024"]
[Site "Budapest HUN"]
[Date "2024.09.18"]
[Round "7.65"]
[White "De Mey, Juan Pablo"]
[Black "Pg, Md Omar Ak Hafizon"]
[Result "1/2-1/2"]
[WhiteElo "1992"]
[BlackElo "2159"]
[TimeControl "40/5400+30:1800_30\""]
[EventDate "2024.09.11"]
[Board "1"]
[WhiteFideId "15900312"]
[BlackFideId "10500499"]
[WhiteTeam "Aruba"]
[BlackTeam "Brunei Darussalam"]

1. e4 c5 2. Nf3 e6 3. d4 cxd4 4. Nxd4 Nc6 5. Nc3 a6 6. a3 d6 7. g4 h6 8.
Be3 Nf6 9. Rg1 Bd7 10. Be2 Rc8 11. h4 h5 12. g5 Ng4 13. Nxc6 Rxc6 14. Bxg4
hxg4 15. Qxg4 g6 16. Bd2 Bg7 17. Qg3 b5 18. Rf1 Qb8 19. e5 b4 20. axb4 Qxb4
21. f4 dxe5 22. O-O-O Rb6 23. b3 Qa3+ 24. Kb1 e4 25. Bc1 Qa5 26. Bb2 Bc6
27. h5 Rxh5 28. Rfe1 Qf5 29. Qe3 Rb7 30. Nxe4 Bxe4 31. Qxe4 Qxe4 32. Rxe4
Bxb2 33. Kxb2 Rh2 34. Rc4 Rf2 35. Rd6 Ra7 36. b4 Ke7 37. Rb6 Rd2 38. Rcc6
Rd4 39. Kb3 a5 40. bxa5 Rxa5 41. Rc7+ Rd7 42. Rxd7+ Kxd7 43. Rb7+ Ke8 44.
Rb8+ Ke7 45. Rb7+ Ke8 46. Rb8+ Ke7 47. Rb7+ 1/2-1/2

[Event "45th Olympiad 2024"]
[Site "Budapest HUN"]
[Date "2024.09.18"]
[Round "7.65"]
[White "Lim Teck Guan, Rodney"]
[Black "Stetsenko, Ilya"]
[Result "1-0"]
[WhiteElo "1931"]
[BlackElo "1903"]
[TimeControl "40/5400+30:1800_30\""]
[EventDate "2024.09.11"]
[Board "2"]
[WhiteFideId "10502629"]
[BlackFideId "15900762"]
[WhiteTeam "Brunei Darussalam"]
[BlackTeam "Aruba"]

1. d4 Nf6 2. c4 e6 3. Nc3 Bb4 4. Nf3 b6 5. g3 Bxc3+ 6. bxc3 Bb7 7. Bg2 O-O
8. O-O d6 9. Bg5 Nbd7 10. Re1 Qe7 11. Nd2 Bxg2 12. Kxg2 e5 13. e4 h6 14.
Bxf6 Qxf6 15. Qf3 Qxf3+ 16. Nxf3 Rae8 17. Re2 g5 18. h4 g4 19. Nh2 h5 20.
f3 f5 21. Rae1 f4 22. Rf2 Nf6 23. d5 Kh8 24. fxg4 Nxg4 25. Nxg4 hxg4 26.
Ref1 f3+ 27. Kg1 Rc8 28. c5 bxc5 29. Rb2 Rb8 30. Rff2 Rb6 31. Rxb6 cxb6 32.
c4 Rb8 33. a4 a6 34. Rb2 b5 35. Kf2 Kg7 36. Ke3 Kf7 37. axb5 axb5 38. cxb5
c4 39. Kd2 Ke7 40. Kc3 Rf8 41. Rf2 Rc8 42. b6 Kd7 43. Ra2 Rb8 44. Ra7+ Kd8
45. h5 Rxb6 46. h6 Rb3+ 47. Kc2 Rb1 48. Kxb1 f2 1-0

[Event "45th Olympiad 2024"]
[Site "Budapest HUN"]
[Date "2024.09.18"]
[Round "7.65"]
[White "Croes, Octavio"]
[Black "Pg. Shahridin, Ak. Abdul Wafie"]
[Result "0-1"]
[WhiteElo "1850"]
[BlackElo "1912"]
[TimeControl "40/5400+30:1800_30\""]
[EventDate "2024.09.11"]
[Board "3"]
[WhiteFideId "1007220"]
[BlackFideId "10503234"]
[WhiteTeam "Aruba"]
[BlackTeam "Brunei Darussalam"]

1. d4 f5 2. c4 e6 3. g3 Nf6 4. Bg2 d5 5. Nf3 c6 6. O-O Bd6 7. b3 O-O 8. Bb2
Qe7 9. Nbd2 Nbd7 10. Ne5 Ne4 11. Nxe4 fxe4 12. f3 Nxe5 13. dxe5 Bc5+ 14.
Bd4 exf3 15. exf3 Bd7 16. cxd5 cxd5 17. f4 g6 18. Rc1 Rac8 19. h3 Bxd4+ 20.
Qxd4 Qa3 21. Qd2 Bb5 22. Rxc8 Rxc8 23. Bxd5 Qc5+ 24. Rf2 Qxd5 25. Qxd5 exd5
26. g4 d4 27. f5 d3 28. e6 Rc1+ 29. Kh2 Rc2 0-1

[Event "45th Olympiad 2024"]
[Site "Budapest HUN"]
[Date "2024.09.18"]
[Round "7.65"]
[White "Akmal, Ahmad"]
[Black "Pesqueira, Jose"]
[Result "1-0"]
[WhiteElo "1830"]
[BlackElo "1880"]
[TimeControl "40/5400+30:1800_30\""]
[EventDate "2024.09.11"]
[Board "4"]
[WhiteFideId "10503846"]
[BlackFideId "15900037"]
[WhiteTeam "Brunei Darussalam"]
[BlackTeam "Aruba"]

1. e4 c5 2. c3 d5 3. exd5 Qxd5 4. d4 Nf6 5. Nf3 Bg4 6. Be2 e6 7. O-O Be7 8.
Na3 O-O 9. Nb5 Na6 10. Be3 cxd4 11. Nbxd4 e5 12. Nb3 Qxd1 13. Raxd1 Rfd8
14. h3 Bxf3 15. Bxf3 e4 16. Be2 Nc7 17. Nd4 g6 18. Bc4 Ncd5 19. Bc1 Rac8
20. Bb3 a6 21. Rfe1 b5 22. g4 b4 23. g5 Nh5 24. Rxe4 Bf8 25. Nf3 Ne7 26.
Rxd8 Rxd8 27. Ne5 Nd5 28. Rd4 Bg7 29. Bxd5 Rf8 30. f4 Ng3 31. Kf2 Nf5 32.
Rxb4 Nd6 33. Rb6 1-0

[Event "45th Olympiad 2024"]
[Site "Budapest HUN"]
[Date "2024.09.18"]
[Round "7.66"]
[White "D`amico, Nicola"]
[Black "Mwale, Joseph"]
[Result "0-1"]
[WhiteElo "1801"]
[BlackElo "2063"]
[TimeControl "40/5400+30:1800_30\""]
[EventDate "2024.09.11"]
[Board "1"]
[WhiteFideId "11800437"]
[BlackFideId "16400135"]
[WhiteTeam "San Marino"]
[BlackTeam "Malawi"]

1. e4 e5 2. Nf3 Nc6 3. Bc4 Nf6 4. d3 Bc5 5. O-O d6 6. c3 h6 7. Nbd2 g5 8.
b4 Bb6 9. a4 a6 10. Ra3 g4 11. Ne1 h5 12. Kh1 h4 13. f4 g3 14. b5 h3 15.
bxc6 hxg2+ 16. Kxg2 Rxh2+ 17. Kxg3 Nh5+ 18. Kf3 Bg4+ 0-1

[Event "45th Olympiad 2024"]
[Site "Budapest HUN"]
[Date "2024.09.18"]
[Round "7.66"]
[White "Chipanga, Chiletso"]
[Black "Righi, Ezio"]
[Result "1-0"]
[WhiteElo "2089"]
[BlackElo "1909"]
[TimeControl "40/5400+30:1800_30\""]
[EventDate "2024.09.11"]
[Board "2"]
[WhiteFideId "16400119"]
[BlackFideId "11800038"]
[WhiteTeam "Malawi"]
[BlackTeam "San Marino"]

1. e4 c5 2. Nf3 e6 3. d4 cxd4 4. Nxd4 a6 5. c4 Nf6 6. Nc3 Bb4 7. Bd3 Nc6 8.
Nxc6 bxc6 9. O-O d6 10. Ne2 Qc7 11. Ng3 O-O 12. Bg5 Nd7 13. Qh5 g6 14. Qh4
f6 15. Bh6 Rf7 16. f4 Bc5+ 17. Kh1 Rb8 18. Rab1 Bd4 19. b4 c5 20. Ne2 Be3
21. Qh3 Bd2 22. f5 Bxh6 23. fxe6 Ne5 24. exf7+ Nxf7 25. Qg3 Ne5 26. Nc3 Bg7
27. Nd5 Qf7 28. bxc5 Rxb1 29. Rxb1 1-0

[Event "45th Olympiad 2024"]
[Site "Budapest HUN"]
[Date "2024.09.18"]
[Round "7.66"]
[White "Volpinari, Danilo"]
[Black "Kamwendo, Precious"]
[Result "1-0"]
[WhiteElo "1939"]
[BlackElo "2001"]
[TimeControl "40/5400+30:1800_30\""]
[EventDate "2024.09.11"]
[Board "3"]
[WhiteFideId "11800054"]
[BlackFideId "20500785"]
[WhiteTeam "San Marino"]
[BlackTeam "Malawi"]

1. e4 e5 2. Nf3 Nf6 3. Nxe5 d6 4. Nf3 Nxe4 5. Nc3 Nxc3 6. dxc3 Be7 7. Be3
O-O 8. Qd2 Nc6 9. O-O-O Be6 10. Kb1 Ne5 11. Nd4 Nc4 12. Qe2 Nxe3 13. Qxe3
Bd7 14. Bd3 g6 15. h4 Kg7 16. h5 Rh8 17. Rh2 Bf6 18. h6+ Kf8 19. Re1 a5 20.
Rhh1 a4 21. a3 Ra5 22. f4 c5 23. Nf3 Be6 24. Ng5 Bxg5 25. fxg5 b5 26. Rhf1
Kg8 27. Rf6 Qe7 28. Qf2 Qe8 29. Be4 Ra7 30. Bd5 Re7 31. Bxe6 Rxe6 32. Rfxe6
fxe6 33. Qf6 Qf7 34. Rxe6 Qxf6 35. Rxf6 d5 36. Kc1 d4 37. Kd2 dxc3+ 38.
Kxc3 b4+ 39. Kd3 bxa3 40. bxa3 c4+ 41. Kd4 c3 42. Ra6 Kf7 43. Rxa4 Rd8+ 44.
Kxc3 Rd5 45. Ra7+ Ke6 46. Rxh7 Rxg5 47. Rb7 Rxg2 48. a4 Rh2 49. h7 Kd6 50.
a5 Kc6 51. a6 Rh3+ 52. Kb4 g5 53. Rg7 1-0